000 00281nam a2200121 a 4500
005 20140414132048.0
008 110330s19uu xx 00 eng d
050 _aP
_bPAR
245 _aParts of a friendly letter.
650 _aLetter writing
999 _c114075
_d114075